MARC

LEADER 00000nam0a2200000 4500
001 262348
005 20231101233638.0
035 |a (RuTPU)RU\TPU\book\285331 
090 |a 262348 
100 |a 20140531d1974 km y0rusy50 ca 
101 0 |a rus 
102 |a RU 
105 |a a z 001zy 
200 1 |a Дроссельные пневматические преобразователи для измерения температуры  |f А. Н. Головченко, М. В. Кулаков, Е. Ф. Шкатов 
210 |a Москва  |c Энергия  |d 1974 
215 |a 95 с.  |c ил. 
225 1 |a Библиотека по автоматике  |v Вып. 521 
320 |a Библиогр.: с. 93-94 
606 1 |a Температура  |2 stltpush  |3 (RuTPU)RU\TPU\subj\59392  |9 76945 
610 1 |a дроссельные преобразователи 
610 1 |a пневматические преобразователи 
610 1 |a измерение 
610 1 |a температура 
610 1 |a термометры 
610 1 |a регулирование 
675 |a 536.5  |v 3 
700 1 |a Головченко  |b А. Н.  |g Александр Николаевич 
701 1 |a Кулаков  |b М. В.  |g Михамл Васильевич 
701 1 |a Шкатов  |b Е. Ф.  |g Евгений Филиппович 
801 1 |a RU  |b 63413507  |c 20140531 
801 2 |a RU  |b 63413507  |c 20210318  |g RCR 
942 |c BK